• 首页
  • 本馆介绍
  • 公告通知
  • 最新文献
  • 馆藏检索
  • 电子资源
  • 读者导购
  • 参考咨询
  • 我的图书馆
  • 登录
  • 详细信息显示
  • 放入我的书架
  • 预约/预借图书
  • 作者相关作品
  • 分类相关作品
  • 丛书相关作品
  • 出版社相关作品

书目信息

  • 表格格式
  • 工作单格式
  • 卡片格式
题名:
基于农户净收益最大化的中国乡城迁移研究
    
 
作者: 王国辉 著
分册:  
出版信息: 北京   经济科学出版社  2006
页数: 261页
开本: 21cm
丛书名:
单 册:
中图分类: C922.2
科图分类:
主题词: 人口迁移--研究--中国
电子资源:
ISBN: 7-5058-5863-7
000 00905nam0 2200253 450
001 012004102561
005 20070807110830.54
009 012004102561
010    @a7-5058-5863-7@dCNY15.00
035    @a(110017)062007000736
100    @a20070112d2006 em y0chiy0110 ea
101 0  @achi@deng
102    @aCN@b110000
105    @ay z 000yy
106    @ar
200 1  @a基于农户净收益最大化的中国乡城迁移研究@Aji yu nong hu jing shou yi zui da hua de zhong guo xiang cheng qian yi yan jiu@f王国辉著@Fwang guo hui zhu
210    @a北京@c经济科学出版社@d2006
215    @a261页@d21cm
330    @a本书共分七部分,内容包括:导论、中国乡城迁移研究文献综述、基于农户净收益最大化的乡城迁移理论、基于农户净收益最大化的乡城迁移实证分析等。
606 0  @a人口迁移@x研究@y中国
690    @aC922.2@v4
701  0 @a王国辉@Awang guo hui@f(1971.5-)@4著
801  0 @aCN@b110017@c20070807
905    @dC922.2@e72@f1
    
    基于农户净收益最大化的中国乡城迁移研究/王国辉著.-北京:经济科学出版社,2006
    261页;21cm
    
    
    ISBN 7-5058-5863-7:CNY15.00
    本书共分七部分,内容包括:导论、中国乡城迁移研究文献综述、基于农户净收益最大化的乡城迁移理论、基于农户净收益最大化的乡城迁移实证分析等。
●
相关链接 在E读中查询图书 在五车中查询图书 在当当中查询图书 在豆瓣中查询图书


正题名:基于农户净收益最大化的中国乡城迁移研究     索取号:C922.2/72         预约/预借

序号 登录号 条形码 馆藏地/架位号 状态 备注
1 0853173   208531739   第一样本阅览室/ [索取号:C922.2/72] 在馆    
唐山师范学院图书馆 欢迎您!
大连网信软件有限公司© 版权所有